مكتبة جامعة عجلون الوطنية

فهرس بحث المكتبة

سيف بن ذي يزن: ملك اليمن قبل الاسلام، الجزء الأول (Record no. 5015)

MARC details
000 -LEADER
fixed length control field 00752nam a2200205Ii 4500
003 - CONTROL NUMBER IDENTIFIER
control field JO-AjNU
008 - FIXED-LENGTH DATA ELEMENTS--GENERAL INFORMATION
fixed length control field 230605s9999||||xx |||||||||||||| ||und||
040 ## - CATALOGING SOURCE
Original cataloging agency JO-AjNU
Language of cataloging ara
Description conventions rda
Transcribing agency JO-AjNU
041 ## - LANGUAGE CODE
Language code of text/sound track or separate title ara
050 14 - LIBRARY OF CONGRESS CALL NUMBER
Classification number DS247 1971
100 3# - MAIN ENTRY--PERSONAL NAME
Personal name أبو النصر، عمر,
Relator term author
9 (RLIN) 9726
245 00 - TITLE STATEMENT
Title سيف بن ذي يزن: ملك اليمن قبل الاسلام، الجزء الأول
264 31 - PRODUCTION, PUBLICATION, DISTRIBUTION, MANUFACTURE, AND COPYRIGHT NOTICE
Place of production, publication, distribution, manufacture سوريا: دار الغد، 1971
300 ## - PHYSICAL DESCRIPTION
Extent ج1، 232ص
336 ## - CONTENT TYPE
Content type term text
Content type code txt
Source rdacontent
337 ## - MEDIA TYPE
Media type term unmediated
Media type code n
Source rdamedia
338 ## - CARRIER TYPE
Carrier type term volume
Carrier type code nc
Source rdacarrier
490 0# - SERIES STATEMENT
Series statement من التراث العربي
650 #4 - SUBJECT ADDED ENTRY--TOPICAL TERM
Topical term or geographic name entry element سيف بن ذي يزن،نحو 115ق.ه-50ق.م شعبي العربي -- تاريخ ونقد. 
9 (RLIN) 9727
Holdings
Withdrawn status Lost status Source of classification or shelving scheme Damaged status Not for loan Home library Current library Shelving location Date acquired Total Checkouts Full call number Barcode Date last seen Price effective from Koha item type
    Library of Congress Classification     مكتبة جامعة عجلون الوطنية مكتبة جامعة عجلون الوطنية المجموعات العامة 06/06/2023   DS247 1971 A1447 06/06/2023 06/06/2023 Books